Ignacio de Loyola o la mística de la persecución /

I tiakina i:
Ngā taipitopito rārangi puna kōrero
Kaituhi matua: Migoya Covarrubias, Francisco (autor)
Hōputu: Pukapuka
Reo:Pāniora
I whakaputaina: México : Buena Prensa, 1999, c1999
Rangatū:(Colección Ignaciana ; 3)
Ngā marau:
Ngā Tūtohu: Tāpirihia he Tūtohu
Kāore He Tūtohu, Me noho koe te mea tuatahi ki te tūtohu i tēnei pūkete!

MARC

LEADER 00000nam^a2200000^a^4500
001 000268406
005 20250521000000.0
009 20260310110851.601
020 |a 970-693-015-9 
025 |a Donación Manuel González Morfín, 1 ejemplar 
037 |a Acervo Xavier Clavigero 
041 |a ESP 
082 |a 255. 53  |b IGN V. 3 
100 |a Migoya Covarrubias, Francisco  |e (autor) 
245 1 0 |a Ignacio de Loyola o la mística de la persecución /  |c F. Migoya. 
264 4 |a México :  |b Buena Prensa,  |c 1999, c1999 
300 |a 54 p. 
336 |a texto  |b txt  |2 rdacontenido 
337 |a sin mediación  |b n  |2 rdamedio 
338 |a volumen  |b nc  |2 rdasoporte 
440 1 |a (Colección Ignaciana ;  |v 3) 
649 |a XX 
650 |a Persecución -  |x Tema Principal 
650 |a Inquisición 
650 |a Jesuitas -  |x Tema Principal 
650 |a Monasticismo y Ordenes Religiosas 
650 |a Catolicismo 
650 |a Cristianismo 
650 |a Religión 
650 |a Ignacio de Loyola, Santo -  |x Tema Principal 
910 |a Fondo Manuel González Morfín S.J. 
920 |a Impresos - Libros 
930 |a Fondos Especiales 
940 |a Jesuitas 
905 |a 121 
901 |a 0500152537  |b IT2  |c ESP  |i D  |u 20250521 
902 |a https://opac.biblio.iteso.mx/vufind/Record/000268406